| 000 | 00789nam a22002897a 4500 | ||
|---|---|---|---|
| 001 | BR9602858 | ||
| 003 | BR-BrBNA | ||
| 005 | 20230928095014.0 | ||
| 007 | ta | ||
| 008 | 230509b bl.||||| |||| 00| 0 por d | ||
| 040 |
_aBR-BrBNA _bpor _cBiblioteca Nacional de Agricultura |
||
| 041 | _a(Por) | ||
| 072 | _aS01; S40 | ||
| 090 | _ S01 BR9602858 | ||
| 100 | 1 | _aKopt, A.W. | |
| 100 | 1 | _aPrado, M.L. do | |
| 100 | 1 | _aPeres, S. | |
| 110 | 1 |
_aFundacao de Integracao, Desenvolvimento e Educacao do Noroeste do Estado, Ijui, RS (Brasil) _94871 |
|
| 245 | 1 | _aCaminhos da Saude | |
| 260 | 3 |
_aIjui, RS (Brasil): _c1983. |
|
| 300 | _a151 p. | ||
| 500 | _a8 ref. | ||
| 650 | _aNutricao Humana | ||
| 650 | _aPrograma de Nutricao | ||
| 909 |
_a202309 _bLucia _c55 _dLucia Elande |
||
| 942 | _cBK | ||
| 999 |
_c53947 _d53947 |
||